Clic - Les 100 meilleures audiences en 2023 - Statistiques

Statistiques générales
  • Ce quiz a été pris 13 fois
  • Le résultat moyen est 2 sur 100
Statistiques - réponses
Hint Extra Hint Explanation Réponse % Correct
TF1 / 15 octobre France-Afrique-du-Sud - rugby 60.8 % 1
62%
TF1 / 8 septembre Cérémonie d'ouverture - rugby 49.3 % 10
8%
TF1 / 18 mai HPI 40.4 % 13
8%
TF1 / 27 mars Irlande-France - football 32.9 % 22
8%
France 2 / 11 mars Angleterre-France - rugby 46.9 % 26
8%
TF1 / 13 octobre Pays-Bas-France - football 32 % 36
8%
France 3 / 5 décembre Alex Hugo 28.1 % 38
8%
France 3 / 4 avril Alex Hugo 26.7 % 40
8%
TF1 / 14 septembre France-Uruguay - rugby 51.7 % 5
8%
TF1 / 17 octobre France-Ecosse - Football 29.6 % 50
8%
TF1 / 5 janvier Les disparus de la forêt noire 27.4 % 55
8%
TF1 / 12 septembre Allemagne-France - Football 27.8 % 79
8%
TF1 / 29 septembre Nouvelle-Zélande-Italie 28.7 % 99
8%
TF1 / 23 novembre Master crimes 25 ù 100
0%
TF1 / 14 octobre Irlande-Nouvelle-Zélande - rugby 43.1 % 11
0%
TF1 / 22 juin HPI 41.5 % 12
0%
TF1 / 8 juin HPI 41.7 % 14
0%
TF1 / 25 mai HPI 40.5 % 15
0%
TF1 / 1er juin HPI 40.3 % 16
0%
TF1 / 15 juin HPI 40.5 % 17
0%
TF1 / 29 juin HPI 40.6 % 18
0%
TF1 / 6 octobre* Avant match - rugby 38.1 % 19
0%
TF1 / 8 septembre France-Nouvelle-Zélande - rugby 63.3 % 2
0%
TF1 / 3 mars Enfoirés un jour, toujours 39.9 % 20
0%
TF1 / 28 octobre* Avant match - rugby 39.2 % 21
0%
TF1 / 24 mars France-Pays-Bas - football 34.7 % 23
0%
TF1 / 30 novembre Panda 32.7 % 24
0%
TF1 / 16 décembre Election de Miss France 41.9 % 25
0%
TF1 / 15 octobre Journal de 20 heures 33.7 % 27
0%
TF1 / 21 octobre Angleterre-Afrique-du-Sud - rugby 34.8 % 28
0%
TF1 / 14 octobre* Avant match - rugby 36.3 % 29
0%
TF1 / 6 octobre France-Italie - rugby 54.7 % 3
0%
TF1 / 19 juin France-Grèce - football 32.6 % 30
0%
TF1 / 19 janvier Balthazar 29.9 % 31
0%
TF1 / 23 septembre Afrique-du-Sud-Irlande - rugby 32.4 % 32
0%
TF1 / 7 septembre France-Irlande - football 33 % 33
0%
France 2 / 26 février France-Ecosse - rugby 45.9 % 34
0%
TF1 / 3 mars** Enfoirés un jour, toujours Suite 47.9 % 35
0%
TF1 / 9 novembre Master crimes 27.9 % 37
0%
TF1 / 20 octobre Argentine-Nouvelle-Zélande - rugby 30.3 % 39
0%
TF1 / 15 octobre* Avant match - rugby 46.7 % 4
0%
France 2 / 17 mars Capitaine Marleau 30.1 % 41
0%
France 2 / 16 juillet Tour de France Les Gets-St Gervais 51.8 % 42
0%
France 3 / 28 mars Alex Hugo 25.4 % 43
0%
France 2 / 6 mars Neige 25.4 % 44
0%
TF1 / 9 février Balthazar 27.7 % 45
0%
France 2 / 10 novembre Astrid et Raphaëlle 28.9 % 46
0%
TF1 / 22 mars Déclaration du président de la République 40.6 % 47
0%
TF1 / 2 février Balthazar 27.4 % 48
0%
TF1 / 16 décembre** Election de Miss France Suite 57.9 % 49
0%
TF1 / 15 mai Déclaration du président de la République 28.3 % 51
0%
TF1 / 17 décembre Journal de 13 heures 43.7 % 52
0%
France 2 / 17 novembre Astrid et Raphaëlle 27.4 % 53
0%
TF1 / 30 novembre Panda 31.8 % 54
0%
TF1 / 16 novembre Master crimes 27.7 % 56
0%
TF1 / 17 avril Déclaration du président de la République 27.1 % 57
0%
TF1 / 16 octobre Invité du Journal de 20 heures - E Ciotti 26 % 58
0%
TF1 / 27 août France-Australie - Rugby 39.8 % 59
0%
TF1 / 28 octobre Nouvelle-Zélande-Afrique-du-Sud - rugby 47.9 % 6
0%
M6 / 15 octobre Angleterre-Fidji - Rugby
40.7 %
60
0%
TF1 / 23 février Balthazar 24.5 % 61
0%
France 2 / 18 mars France-Pays-de-Galles - Rugby 47.5 % 62
0%
France 2 / 8 décembre Astrid et Raphaëlle 28.4 % 63
0%
TF1 / 21 novembre Grèce-France - Football 26 % 64
0%
TF1 / 18 novembre France-Gibraltar - Football 27.5 % 65
0%
TF1 / 30 juillet Pourris gâtés - Film 31.6 % 66
0%
France 2 / 9 juillet Tour de France : St-Léonard-de-Noblat/Puy-de-Dôme 45.8 % 67
0%
TF1 / 27 octobre Argentine-Angleterre - Rugby 28 % 68
0%
TF1 / 16 février Balthazar 23.1 % 69
0%
France 2 / 21 septembre France-Namibie - rugby 46.9 % 7
0%
France 2 / 15 juillet Tour de France : Annemasse/Morzine 50.5 % 70
0%
France 3 / 21 avril Cassandre 27.7 % 71
0%
TF1 / 26 janvier Balthazar 26.7 % 72
0%
TF1 / 21 octobre* Avant match - Rugby 28.8 % 73
0%
France 2 / 12 août Australie-France - Football féminin 69.6 % 74
0%
France 2 / 11 février Irlande-France 46.4 % 75
0%
TF1 / 3 mars C'est Canteloup 27.5 % 76
0%
France 3 / 12 décembre Alex Hugo 27.6 % 77
0%
France 2 / 15 avril Le goût du crime 25.6 % 78
0%
TF1 / 8 septembre Tous derrière les Bleus -Documentaire 48.8 % 8
0%
TF1 / 24 septembre Déclaration du président de la République 27.1 % 80
0%
TF1 / 7 décembre Panda 26 % 81
0%
France 2 / 24 novembre Astrid et Raphaëlle 27.1 % 82
0%
France 2 / 5 février Italie-France - Rugby 42.4 % 83
0%
TF1 / 9 novembre Master crimes 29 % 84
0%
France 2 / 1er décembre Astrid et Raphaëlle 26.1 % 85
0%
France 2 / 21 mai Antoinette dans les Cévennes 27.5 % 86
0%
France 3 / 18 mars Meurtre à Pont-Aven 27 % 87
0%
France 2 / 2 avril 20H30 Le dimanche, Florent Pagny, Alain Lanty, Kendji Girac 25.2 % 88
0%
TF1 / 18 septembre Invitée du Journal de 20 heures - Marine le Pen 25.9 % 89
0%
TF1 / 11 mai HPI 43.4 % 9
0%
France 2 / 3 février A l'instinct 26.5 % 90
0%
France 3 / 2 décembre Meurtre dans le Cantal 26.2 % 91
0%
TF1 / 5 décembre Invité du Journal de 20 heures - Jordan Bardella 25 % 92
0%
TF1 / 15 mai Les Randonneuses 23.6 % 93
0%
France 3 / 4 février Meurtres en Champagne 26.7 % 94
0%
TF1 / 28 septembre Invité du Journal de 20 heures - Gabriel Attal 27.2 % 95
0%
TF1 / 11 mai HPI 33.3 % 96
0%
France 2 / 23 janvier Piste noire 23 % 97
0%
TF1 / 5 novembre Météo 24.9 % 98
0%
Aucun quiz correspondant
Distribution des résultats
% des personnes avec chaque résultat
Percentile par nombre de réponses
Votre historique - résultats
Vous n’avez pas pris ce quiz